| 000 | 00585nam a2200193Ia 4500 | ||
|---|---|---|---|
| 003 | GCL | ||
| 008 | 140319s9999 xx 000 0 ara d | ||
| 040 |
_aGCL / _cGCL |
||
| 082 | 0 | 4 |
_a819.9 _bع ب |
| 100 | 1 | _aعباس محمود العقاد | |
| 245 | 1 | 0 |
_aبين الكتب والناس / _cعباس محمود العقاد |
| 260 |
_a[S.N] : _bدار المعارف ، _c1985 |
||
| 300 | _a405 ص | ||
| 490 |
_aبطولات اسلامية _v0 |
||
| 650 | 0 | 4 | _aالادب العربى |
| 650 | 0 | 4 | _aالمقالات العربية |
| 650 | 0 | 4 | _aالتأليف |
| 942 |
_2ddc _cBK |
||
| 999 |
_c58581 _d58581 |
||